000 00696nam a2200181Ia 4500
008 151018s9999 xx 000 0 und d
082 _bRBASDV33335
_a133.5
100 _aमधुसूदन घाणेकर
245 _aमुळाक्षरे आणि तुमचा स्वभाव
250 _b1
260 _bइंद्रायणी
_c2001
300 _a84
600 _aमधुसूदन घाणेकर
630 _aमुळाक्षरे आणि तुमचा स्वभाव
700 _aमधुसूदन घाणेकर
730 _aमुळाक्षरे आणि तुमचा स्वभाव
942 _cBOOK
999 _c1032850
_d1032847